| Поле | Инд. | ПП | Название | Значение |
|---|---|---|---|---|
| Тип записи | a | |||
| Библиографический уровень | m | |||
| 001 | Контрольный номер | DU/593020142 | ||
| 005 | Дата корректировки | 20251212154407.3 | ||
| 020 | a | ISBN | 978-5-04-088717-0 | |
| 084 | a | Индекс другой классификации/Индекс ББК | 85.100,00 | |
| 090 | a | Полочн. индекс | 85.100,00 | |
| x | Авторский знак | Б 142 | ||
| 100 | 1_ | a | Автор | Багдасарова С. |
| q | Полное имя | Багдасарова Софья Андреевна | ||
| 245 | 10 | a | Заглавие | Омерзительное искусство. Юмор и хоррор шедевров живописи |
| 260 | b | Издательство | ЭКСМО | |
| a | Место издания | Москва | ||
| c | Дата издания | 2018 | ||
| 300 | a | Объем | 296 с. | |
| b | Иллюстрации/ тип воспроизводства | цв. ил. | ||
| 336 | a | Термин вида содержания | Текст | |
| 337 | a | Термин типа средства | непосредственный | |
| 440 | _0 | a | Серия | Искусство с блогерами |
| 520 | 0_ | a | Аннотация | "Омерзительное искусство" - это новый взгляд на классическое мировое искусство, покорившее весь мир. Давайте взглянем на него со стороны Уголовного кодекса? Софья Багдасарова (Шакко) - нетривиальный персонаж в мире искусства, а также обладатель премии "Лучший ЖЖ блог" 2017 года. Знаменитые сюжеты мифологии, рассказанные с такими подробностями, что поневоле все время хватаешься за сердце и Уголовный кодекс! Да, в детстве мы такого про героев и богов точно не читали... Людоеды, сексуальные фетишисты и убийцы: оказывается, именно они – персонажи шедевров, наполняющих залы музеев мира. После этой книги вы начнете смотреть на живопись совершенно по-новому, везде видеть скрытые истории и тайные мотивы. А чтобы не было так страшно, все это подано через призму юмора. Но не волнуйтесь, никакого разжигания и оскорбления чувств верующих – только эстетических и нравственных. |
| 541 | 1_ | a | Номер заявки | 7449 |
| b | Заявитель | Черепанова В.Г. | ||
| c | Факультет/Кафедра/Подразделение | Библиотечная система | ||
| d | Дата заявки | 13.09.2018 | ||
| h | Уровень подготовки | Магистратура | ||
| n | Количество экземпляров | 2 | ||
| f | Дисциплина | - | ||
| 650 | 04 | a | Основная рубрика | изобразительное искусство |
| a | Основная рубрика | искусство | ||
| a | Основная рубрика | теория изобразительного искусства | ||
| 653 | 0_ | a | Ключевые слова | гуманизм |
| a | Ключевые слова | живопись | ||
| a | Ключевые слова | интерпретация | ||
| a | Ключевые слова | интерпретация искусства | ||
| a | Ключевые слова | история живописи | ||
| a | Ключевые слова | история изобразительного искусства | ||
| a | Ключевые слова | история искусства | ||
| a | Ключевые слова | мифологические сюжеты | ||
| a | Ключевые слова | религиозные сюжеты | ||
| a | Ключевые слова | юмор | ||
| 720 | a | Наименование подборки | К семинарам по культурологии | |
| e | Признак/вид подборки | Тематические подборки | ||
| 900 | a | Имя электронного ресурса | obl_bagdasarova_omerzitelnoe_iskusstvo | |
| x | Справочная информация | Обложка | ||
| 900 | a | Имя электронного ресурса | ogl_bagdasarova_omerzitelnoe_iskusstvo | |
| 901 | t | Тип документа | m | |
| 952 | a | Тип литературы для КСУ ВШ | НПИ |